| 000 | 00396nam a2200157Ia 4500 | ||
|---|---|---|---|
| 003 | GCL | ||
| 008 | 140319s9999 xx 000 0 eng d | ||
| 040 |
_aGCL / _cGCL |
||
| 082 | 0 | 4 |
_a794 _bB D |
| 100 | 1 | _aBORLOQUIN, PIERR | |
| 245 | 1 | 0 |
_aDEVELOPPER LA CONCENTRATION / _cBORLOQUIN, PIERR |
| 260 |
_a[S.N] : _bLE LIVRE DE POCHE ، _c1991 |
||
| 300 | _a80 P | ||
| 650 | 0 | 4 | _aGAMES |
| 942 |
_2ddc _cBK |
||
| 999 |
_c10555 _d10555 |
||